000
00225nam a2200121Ia 4500
100
_a
#N/A
942
_c
BK
245
_a
Principles of Soft computing
260
_b
#N/A
082
_b
22436
546
_a
ENGLISH
999
_c
33133
_d
33133